History Quiz

Random History or Clickable Quiz

Rebels Who Found a Cause Quiz Stats

Quiz Updated Mar 14, 2015

Also try: History in Color
Challenge
Share
Tweet
Embed
Score 0/28 Timer 05:00
3 Plays Today
% Correct
Nelson Mandela
97.6%
Rosa Parks
97.5%
Moses
92.6%
Jesus
91.3%
Joan of Arc
90.1%
Mohandas Gandhi
89.1%
Martin Luther King Jr.
89%
Claus von Stauffenberg
87.8%
Robert E. Lee
87.8%
Ho Chi Minh
87.6%
Susan B. Anthony
85.3%
George Washington
84.7%
Spartacus
84.7%
William Wallace
84.6%
% Correct
Guy Fawkes
84.2%
Crazy Horse
83.3%
Malala Yousafzai
83.2%
Zhu Yuanzhang
82.4%
Harriet Tubman
80.5%
Lech Wałęsa
80.4%
Saigō Takamori
76.2%
Golda Meir
75.3%
John Brown
74.5%
Corazon Aquino
70.6%
Tecumseh
70%
Omar Mukhtar
65.1%
Pancho Villa
59.9%
Emiliano Zapata
59.6%

You're not logged in!

Compare scores with friends on all Sporcle quizzes.
Sign Up with Email
OR
Log In

You Might Also Like...

Show Comments

Extras

Top Quizzes Today


Score Distribution

Your Account Isn't Verified!

In order to create a playlist on Sporcle, you need to verify the email address you used during registration. Go to your Sporcle Settings to finish the process.